| 000 | 00732nam a22002172 4500 | ||
|---|---|---|---|
| 001 | 0000011877 | ||
| 005 | 20151217145852.0 | ||
| 008 | 090118s xx 000 0 eng d | ||
| 020 | _a1853599026 : | ||
| 040 |
_aKABU _cKABU |
||
| 245 | 1 | 0 |
_aLanguage loyalty, continuity and change : _bJoshua A. Fishman's contributions to international sociolinguistics / _cOfelia Garcia ...[et al.] |
| 250 | _a1st ed. | ||
| 260 |
_aClevedon : _bMultilingual Matters, _c2006. |
||
| 300 | _axii, 180. p. | ||
| 600 | 1 | 0 |
_aFishman, Joshua A. _@0000167913 |
| 650 | 0 |
_aSociolinguistics. _@0000167914 |
|
| 700 | 1 |
_aGarcia, Ofelia. _@0000167915 |
|
| 852 | 1 | _9p2750 KES | |
| 908 | _a090118 | ||
| 950 | _@1 | ||
| 999 |
_c3504 _d3504 |
||